Sports Quiz

Random Sports or Europe Quiz

UEFA European Championship Winners' Starting XI Quiz Stats

 Plays Quiz not verified by Sporcle

Challenge
Share
Tweet
Embed
Score 0/154 Timer 15:00
0 Plays Today
% Correct
Iker Casillas
93.3%
Andrés Iniesta
93.3%
Iker Casillas
93.3%
Andrés Iniesta
93.3%
Xavi
92.5%
Fernando Torres
92.5%
Xavi
92.5%
Gerard Piqué
92.1%
Sergio Ramos
91.3%
Sergio Ramos
91.3%
Carles Puyol
90.5%
Thierry Henry
90.1%
Fabien Barthez
88.5%
Sergio Busquets
88.1%
Zinedine Zidane
87.4%
Jordi Alba
87.4%
Lilian Thuram
85.4%
David Silva
85%
David Silva
85%
Cesc Fàbregas
83.8%
Cesc Fàbregas
83.8%
Xabi Alonso
81.8%
Marcel Desailly
78.7%
Bixente Lizarazu
78.7%
Didier Deschamps
78.7%
Michel Platini
78.3%
Ruud Gullit
77.9%
Brian Laudrup
77.9%
Laurent Blanc
77.1%
Gerd Muller
76.7%
Hansi Müller
76.7%
Patrick Vieira
76.7%
Peter Schmeichel
75.9%
Jürgen Klinsmann
75.5%
Marcos Senna
74.7%
Frank Rijkaard
72.7%
Franz Beckenbauer
70.4%
Álvaro Arbeloa
70.4%
Joan Capdevila
68.4%
Youri Djorkaeff
66%
Angelos Charisteas
64.8%
Matthias Sammer
62.8%
Ronald Koeman
62.1%
Erwin Koeman
62.1%
Carlos Marchena
62.1%
Marco van Basten
58.1%
Christophe Dugarry
56.9%
Theodoros Zagorakis
55.7%
Antonios Nikopolidis
54.5%
Traianos Dellas
53.8%
Andreas Köpke
53.4%
Lev Yashin
51.8%
% Correct
Dino Zoff
51.4%
Jean Tigana
49.8%
Mehmet Scholl
49.8%
Karl-Heinz Rummenigge
49%
Harald Schumacher
49%
Antonin Panenka
47%
Sepp Maier
46.6%
Paul Breitner
44.3%
Christian Ziege
42.7%
John Jensen
41.5%
Stefan Kuntz
41.5%
Kostas Katsouranis
40.3%
Uli Hoeness
39.1%
Angelos Basinas
39.1%
Luis Fernández
38.7%
Alain Giresse
38.7%
Thomas Häßler
38.7%
Giourkas Seitaridis
38.7%
Luigi Riva
38.3%
Markus Babbel
36.4%
Stelios Giannakopoulos
34.4%
Luis Suarez
33.6%
Hans van Breukelen
33.6%
Henrik Larsen
32.8%
Patrick Battiston
32%
Lars Olsen
31.2%
Thomas Helmer
31.2%
Giacinto Facchetti
30%
Joël Bats
30%
Dieter Eilts
29.6%
Zisis Vryzas
29.6%
Horst Hrubesch
28.9%
Gunter Netzer
28.1%
Jan Wouters
28.1%
Bernd Schuster
27.7%
Kent Nielsen
27.3%
Takis Fyssas
27.3%
Hans-Georg Schwarzenbeck
26.9%
Klaus Allofs
26.9%
Kim Vilfort
25.7%
Sandro Mazzola
24.5%
Michalis Kapsis
24.1%
Arnold Mühren
23.7%
Adri van Tiggelen
22.9%
Bruno Bellone
22.1%
Berry van Aerle
22.1%
Thomas Strunz
22.1%
Gerald Vanenburg
20.2%
John Sivebæk
20.2%
Maxime Bossis
19.8%
Josef Heynckes
19.4%
Manfred Kaltz
19%
% Correct
Karlheinz Förster
19%
Uli Stielike
18.6%
Hans-Peter Briegel
17.4%
Bernard Lacombe
16.2%
Flemming Povlsen
16.2%
Valentin Ivanov
15.8%
Ivo Viktor
15.4%
Marcelino Martinez
14.6%
Tarcisio Burgnich
14.2%
Torben Piechnik
13.8%
Bernard Dietz
13.4%
Jean-François Domergue
13%
Kim Christofte
13%
Herbert Wimmer
12.6%
Angelo Domenghini
11.5%
Horst-Dieter Hottges
11.5%
Anton Ondrus
10.3%
Zdenek Nehoda
10.3%
Pietro Anastasi
9.9%
Erwin Kremers
9.5%
Igor Netto
9.1%
Yvon Le Roux
9.1%
Roberto Rosato
8.3%
Viktor Ponedelnik
7.1%
Jose Angel Iribar
7.1%
Amancio Amaro
6.7%
Karol Dobias
6.7%
Jesus Maria Pereda
6.3%
Slava Metreveli
5.9%
Marian Masny
5.9%
Jan Svehlik
5.5%
Ignacio Zoco
5.1%
Sandro Salvadore
5.1%
Aristide Guarneri
4.7%
Giancarlo De Sisti
4.7%
Jozef Moder
4.3%
Jan Pivarnik
3.6%
Josep Maria Fuste
3.2%
Jozef Capkovic
1.6%
Koloman Gogh
1.6%
Givi Chokheli
1.2%
Mikheil Meskhi
1.2%
Carlos Lapetra
1.2%
Anatoly Krutikov
0.8%
Yury Voinov
0.8%
Valentin Bubukin
0.8%
Feliciano Rivilla
0.8%
Ferran Olivella
0.8%
Isacio Calleja
0.8%
Anatoli Maslenkin
0.4%

You're not logged in!

Compare scores with friends on all Sporcle quizzes.
Join for Free
OR
Log In

You Might Also Like...

Show Comments

Extras

Top Quizzes Today


Score Distribution

Your Account Isn't Verified!

In order to create a playlist on Sporcle, you need to verify the email address you used during registration. Go to your Sporcle Settings to finish the process.

Report this User

Report this user for behavior that violates our Community Guidelines.

Details: